000 00886nam a2200229 i 4500
001 133718
003 ES-MaACL
005 20260120104828.0
007 t|
008 070827s1904 sp |||| | spa d
080 _a821.133.1-2"19"
100 1 _aCano, Leopoldo,
_d1844-1933
_9141206
245 1 0 _aMáter dolorosa
_b: drama en tres actos y en prosa /
_coriginal de Leopoldo Cano y Masas.
260 _aMadrid :
_b[s.n],
_c1904 (
_fR. Velasco)
300 _a128 p. ;
_c21 cm.
500 _aObra estrenada en el Teatro Principal de Barcelona el día 11 de noviembre de 1904.
530 _aDisponible en formato digital.
852 _aES-MaACL
_jE-12043
_cDEPO2
_hBiblioteca Jacinto Martínez Lacalle
856 4 _uhttp://bibliotecadigital.jcyl.es/i18n/consulta/registro.cmd?id=1365
_y(Biblioteca Digital de Castilla y León)
942 _2udc
999 _c133718
_d133718